Score 0/30 Timer 03:00
0 Plays Today
Clue 5-Letter Rung % Correct
Mix and _____, combine clothesMATCH
95.9%
Month with ''Madness''MARCH
94.6%
_____ Potter, fictional wizardHARRY
94.1%
Pocket or stop, e.g.WATCH
88.4%
Spicy Indian dishCURRY
88.2%
''Come on! Faster!''HURRY
88%
Wizards' toolsWANDS
87.3%
Hospital sectionsWARDS
85.2%
Synonym for wizardry: _____ [Last Rung]WITCH
82.6%
Winding, like roads on a mountainCURVY
78.5%
Cautions or alertsWARNS
78.4%
''Growing _____,'' American sitcomPAINS
76.5%
Boggy quagmireMARSH
76.4%
A wicked spellCURSE
75.1%
Frank and Joe, The _____ BoysHARDY
74.1%
Clue 5-Letter Rung % Correct
Parabola, e.g.CURVE
73%
Skin replacement procedureGRAFT
65.4%
They may be lentHANDS
65.4%
Carts or wagons, archaicallyWAINS
64.5%
Within reachHANDY
63.4%
It is removed by stripping (a coat)PAINT
63.1%
Synonym for wizardry: [First Rung] _____CRAFT
60.8%
Eighteenth US presidentGRANT
60.6%
Make impureTAINT
58.4%
Pig's noiseGRUNT
57.4%
Make fun ofTAUNT
53.9%
A place for changePURSE
52.5%
Scrawny; all skin and bonesGAUNT
51%
Analyze grammaticallyPARSE
41.2%
Pen name forename for journalist Henry WattersonMARSE
40.8%

Today's Daily Dose

Missing Word
'T' Pairs

Word Ladder
Game Pieces

Get the Picture
Baseball Movies

Remove Ads.
Support Sporcle.
Get the best of Sporcle when you Go Orange. This ad-free experience offers more features, more stats, and more fun while also helping to support Sporcle. Thank you for becoming a member.

You're not logged in!

Compare scores with friends on all Sporcle quizzes.
OR
Log In

Show Comments

Extras

Top Quizzes Today


Score Distribution

Your Account Isn't Verified!

In order to create a playlist on Sporcle, you need to verify the email address you used during registration. Go to your Sporcle Settings to finish the process.

Report this User

Report this user for behavior that violates our Community Guidelines.

Details: